Specifier (Record no. 76561)

MARC details
000 -LEADER
fixed length control field 00860cab a2200217 4500
001 - CONTROL NUMBER
control field ##L132693
008 - FIXED-LENGTH DATA ELEMENTS--GENERAL INFORMATION
fixed length control field 060228n2006 000 0 eng u
035 ## - SYSTEM CONTROL NUMBER
System control number (Sirsi) u132693
041 0# - LANGUAGE CODE
Language code of text/sound track or separate title eng
100 1# - MAIN ENTRY--PERSONAL NAME
Personal name Lane, Thomas
245 00 - TITLE STATEMENT
Title Specifier
Remainder of title off-site manufacturing
260 ## - PUBLICATION, DISTRIBUTION, ETC.
Date of publication, distribution, etc. 2006
490 #0 - SERIES STATEMENT
Series statement Building
Volume/sequential designation 271(8418) 17 February 2006, 72-82(7)
520 ## - SUMMARY, ETC.
Summary, etc. Guide to off-site construction. Includes a discussion of the advantages and disadvantages of off-site solutions, looks at the latest products and issues of quality control, and examines costs issues for bathroom fit-outs. With a guide to the main suppliers of off-site bathroom and sanitary modules.
590 ## - LOCAL NOTE (RLIN)
Local note IKA280206
690 ## - LOCAL SUBJECT ADDED ENTRY--TOPICAL TERM (OCLC, RLIN)
Topical term or geographic name as entry element BUILT ENVIRONMENT-BUILDING ELEMENTS
700 1# - ADDED ENTRY--PERSONAL NAME
Personal name Brownrigg, Scott
700 1# - ADDED ENTRY--PERSONAL NAME
Personal name Waterman, Anthony
710 2# - ADDED ENTRY--CORPORATE NAME
Corporate name or jurisdiction name as entry element Barbour Index
9 (RLIN) 2548
942 ## - ADDED ENTRY ELEMENTS (KOHA)
Suppress in OPAC 0
Holdings
Withdrawn status Lost status Source of classification or shelving scheme Damaged status Not for loan Home library Current library Shelving location Date acquired Total Checkouts Full call number Barcode Date last seen Copy number Price effective from Koha item type
    Dewey Decimal Classification     London London Journal article 28/02/2006   L132693 132693-1001 06/08/2019 1 06/08/2019 Journal article